| 000 | 00443nam a2200181Ia 4500 | ||
|---|---|---|---|
| 005 | 20240913125806.0 | ||
| 008 | 240913s9999||||xx |||||||||||||| ||und|| | ||
| 041 | _aENGLISH | ||
| 082 | _A004.22 N1 | ||
| 100 | _aShiva Sajjan.G | ||
| 245 | 0 | _aComputer Design and Architecture | |
| 250 | _a2nd | ||
| 260 |
_c1991 _bHarperCollins,Newyork |
||
| 500 | _aREFERENCE | ||
| 650 |
_aDesigning _bComputer Science |
||
| 942 | _cREF | ||
| 999 |
_c246281 _d246281 |
||